[Event "Druzynowe Mistrzostwa Polski II Liga"]
[Site "Szklarska Poreba"]
[Date "1899-12-30"]
[Round "4.53"]
[White "Czyz, Artur"]
[Black "Rozumek, Krzysztof"]
[Result "1-0"]
[WhiteTitle "k"]
[BlackTitle "I++"]
[WhiteElo "1907"]
[BlackElo "1906"]

1. e4 c6 2. d4 d5 3. exd5 cxd5 4. c4 dxc4 5. Bxc4 Nf6 6. Nc3 e6 7. Nf3 Be7 8. O-O
a6 9. Bg5 b5 10. Bb3 Bb7 11. d5 Nxd5 12. Bxd5 Bxd5 13. Bxe7 Kxe7 14. Nd4 Re8 15.
Qh5 b4 16. Nf5+ exf5 17. Nxd5+ Qxd5 18. Rae1+ Kf8 19. Qxh7 Re4 20. Rd1 Qa5 21.
Rfe1 g6 22. Qh8+ Ke7 23. Qh4+ Ke6 24. Rxe4+ fxe4 25. Qxe4+ Qe5 26. Qxa8 a5 27.
Qb7 Kf6 28. g3 Qxb2 29. Qxb8 Qxa2 30. Qh8+ Kf5 31. Qh4 g5 32. g4+ Ke6 33. Qxg5
Qb3 34. Qf5+ Ke7 35. Qe5+ Qe6 36. Qxe6+ Kxe6 37. Ra1 Kd5 1-0

[Event "Druzynowe Mistrzostwa Polski II Liga"]
[Site "Szklarska Poreba"]
[Date "1899-12-30"]
[Round "4.54"]
[White "Debowiak, Arleta"]
[Black "Ryng, Malgorzata"]
[Result "0-1"]
[WhiteTitle "k"]
[BlackTitle "m"]
[WhiteElo "1838"]
[BlackElo "2045"]

1. e4 c5 2. Nf3 Nc6 3. d4 cxd4 4. Nxd4 Nf6 5. Nc3 d6 6. Bg5 Qb6 7. Nb3 e6 8. Bxf6
gxf6 9. Qd2 Bd7 10. a4 a6 11. Be2 Rg8 12. O-O O-O-O 13. a5 Qc7 14. Na4 d5 15.
Nb6+ Kb8 16. Rfd1 Bd6 17. exd5 Bxh2+ 18. Kf1 exd5 19. Nxd5 Qe5 20. Qe3 Qf5 21.
Bxa6 Qg4 22. Qf3 Qxf3 23. gxf3 bxa6 24. Nc5 Bh3+ 25. Ke2 Rge8+ 26. Ne3 Nd4+ 27.
Kd2 Nb3+ 28. Ke2 Nxa1 29. Rxa1 Bd6 30. Nb3 Be6 31. Nd2 f5 32. Kf1 f4 33. Ng2 Bh3
0-1

[Event "Druzynowe Mistrzostwa Polski II Liga"]
[Site "Szklarska Poreba"]
[Date "1899-12-30"]
[Round "4.55"]
[White "Smagalski, Slawomir"]
[Black "Dowgird, Filip"]
[Result "1/2-1/2"]
[WhiteTitle "I+"]
[BlackTitle "k"]
[WhiteElo "1908"]
[BlackElo "2270"]

1. Nf3 g6 2. c4 Bg7 3. g3 e5 4. Nc3 d6 5. Bg2 f5 6. d3 Nf6 7. O-O O-O 8. Rb1 h6
9. c5 Nc6 10. b4 g5 11. b5 Ne7 12. Qb3+ Kh8 13. Ba3 Ne8 14. cxd6 cxd6 15. Nd2
h5 16. Nc4 h4 17. Qb4 hxg3 18. hxg3 Rf6 19. Nxe5 Ng8 20. Nc4 Rh6 21. Bb2 f4 22.
Nd5 Bg4 23. Bxg7+ Nxg7 24. Qb2 Qe8 25. f3 Qh5 26. fxg4 Qh2+ 27. Kf2 Qxg3+ 28.
Kg1 Qh2+ 29. Kf2 Qh4+ 30. Kg1 Qh2+ 31. Kf2 Qg3+ 32. Kg1 Qh2+ 1/2-1/2

[Event "Druzynowe Mistrzostwa Polski II Liga"]
[Site "Szklarska Poreba"]
[Date "1899-12-30"]
[Round "4.56"]
[White "Dobrowolski, Aleksander"]
[Black "Zakoscielna, Kinga"]
[Result "0-1"]
[WhiteTitle "m"]
[BlackTitle "WFM"]
[WhiteElo "2266"]
[BlackElo "2070"]

1. e4 c5 2. Nf3 d6 3. d4 cxd4 4. Nxd4 Nf6 5. Nc3 a6 6. Be2 e5 7. Nb3 Be6 8. f4
Qc7 9. g4 b5 10. f5 Bc4 11. a3 h6 12. g5 hxg5 13. Bxg5 Nbd7 14. Bxf6 Nxf6 15.
Bxc4 bxc4 16. Nd5 Nxd5 17. Qxd5 Rb8 18. Na5 Rb5 19. Qc6+ Qxc6 20. Nxc6 Rh4 21.
O-O-O Rxe4 22. Nb4 a5 23. Nd5 Rc5 24. f6 Kd7 25. h4 Ke6 26. Nc3 Rg4 27. Rdg1 Rxg1+
28. Rxg1 g6 29. Ne4 Bh6+ 30. Kd1 Rb5 31. Ng5+ Bxg5 32. hxg5 Rxb2 33. Kd2 Kxf6
34. gxf6 0-1

[Event "Druzynowe Mistrzostwa Polski II Liga"]
[Site "Szklarska Poreba"]
[Date "1899-12-30"]
[Round "4.57"]
[White "Walaszczyk, Witold"]
[Black "Kwiecinski, Marian"]
[Result "0-1"]
[WhiteTitle "k"]
[BlackTitle "k"]
[WhiteElo "2136"]
[BlackElo "2216"]

1. d4 c5 2. dxc5 e6 3. Nc3 Bxc5 4. Ne4 d5 5. Nxc5 Qa5+ 6. Qd2 Qxc5 7. Qg5 Qd4 8.
Nf3 Qf6 9. Qg3 Nc6 10. c3 h6 11. e4 Nge7 12. Bd3 e5 13. O-O O-O 14. Re1 Re8 15.
exd5 Nxd5 16. Nd2 Bf5 17. Bb5 e4 18. Nb3 Bg6 19. Bd2 a6 20. c4 Nde7 21. Bc3 Qg5
22. Qxg5 hxg5 23. Ba4 Red8 24. Nc5 Rab8 25. Nxe4 b5 26. cxb5 axb5 27. Bb3 b4 28.
Bxb4 Rxb4 29. Nxg5 Rd2 30. Rac1 Kf8 31. Nf3 Rxb2 32. h3 Be4 33. Ng5 Bg6 34. Nf3
Rf4 35. Rc3 Rb1 36. Rxb1 Bxb1 37. g3 Nd4 38. Nxd4 Rxd4 39. Rf3 Nd5 40. Rf5 Bxf5
0-1

[Event "Druzynowe Mistrzostwa Polski II Liga"]
[Site "Szklarska Poreba"]
[Date "1899-12-30"]
[Round "4.58"]
[White "Grossmann, Ryszard"]
[Black "Swiatnicki, Andrzej"]
[Result "1/2-1/2"]
[WhiteTitle "FM"]
[BlackTitle "k"]
[WhiteElo "2070"]
[BlackElo "2028"]

1. d4 d5 2. Nf3 Nf6 3. c4 c6 4. Qc2 Bg4 5. Ne5 Bh5 6. e3 e6 7. Bd3 Nbd7 8. Nxd7
Qxd7 9. Nc3 Be7 10. O-O Bg6 11. cxd5 exd5 12. Bd2 Bxd3 13. Qxd3 O-O 14. Rad1 Rfe8
15. f3 Bb4 16. Be1 Re6 17. Bf2 Rae8 18. Rfe1 g6 19. a3 Bxc3 20. Qxc3 Nh5 21. g4
Ng7 22. Qd3 h5 23. gxh5 Nxh5 24. Kh1 Rf6 25. Kg2 Kg7 26. Bg3 Rfe6 27. Re2 Rh8
28. Rg1 Nxg3 29. hxg3 Rf6 30. g4 g5 31. Ree1 Qd6 32. Rh1 Rfh6 33. Rxh6 Qxh6 34.
Qf5 Qh2+ 35. Kf1 Qh1+ 36. Ke2 Rh2+ 37. Kd1 Qg2 38. Qxg5+ Kf8 1/2-1/2

[Event "Druzynowe Mistrzostwa Polski II Liga"]
[Site "Szklarska Poreba"]
[Date "1899-12-30"]
[Round "4.59"]
[White "Smagalski, Jaroslaw"]
[Black "Helaszek, Edward"]
[Result "0-1"]
[WhiteTitle "I"]
[BlackTitle "k"]
[WhiteElo "1868"]
[BlackElo "2006"]

1. e4 e5 2. Nf3 Nc6 3. Bc4 Be7 4. d3 Nf6 5. Nbd2 O-O 6. c3 a6 7. Bb3 d6 8. Nf1
h6 9. h3 d5 10. Qe2 Be6 11. Bc2 dxe4 12. dxe4 Bc5 13. g4 Nh7 14. Ng3 Re8 15. Nf5
Nf8 16. g5 h5 17. N3h4 g6 18. Nh6+ Kh8 19. Qf3 Qe7 20. N4f5 Qd7 21. Ng3 Nh7 22.
Bd2 Rad8 23. Rd1 Qe7 24. h4 Rd7 25. a3 Red8 26. Rg1 Qf8 27. Rg2 Qg7 28. Nhf5 Qf8
29. Nh6 Ne7 30. b4 Bb6 31. Be3 Ng8 32. Rxd7 Rxd7 33. Bxb6 cxb6 34. Nxg8 Kxg8 35.
Qe3 Qd6 36. f3 Nf8 37. Nf1 Qc6 38. Ng3 Rc7 39. Ne2 Bc4 40. Bd3 Bxd3 41. Qxd3 Rd7
42. Qe3 Ne6 43. Nc1 Rc7 44. Rc2 Qa4 45. Ra2 Nf4 46. Rd2 Qxa3 47. Na2 Rd7 48. Kf2
Qa4 49. c4 Rxd2+ 50. Qxd2 Qb3 51. Nc3 Qxb4 52. Qd8+ Kh7 53. Qd2 Qc5+ 54. Kf1 Qxc4+
55. Ke1 Qd4 56. Qxd4 exd4 57. Na4 b5 58. Nc5 b4 59. Nb3 b6 60. Nxd4 a5 61. Kd2
Kg7 62. Kc2 Ne6 63. Nc6 Nc5 64. Ne5 a4 65. Nc6 b3+ 66. Kb2 b5 67. Nb4 Ne6 68.
Nd5 Nd4 69. f4 Nf3 70. Ka3 Nxh4 71. Nc3 Ng2 72. f5 h4 73. f6+ Kf8 74. Ne2 h3 75.
Ng3 h2 76. Nh1 Nf4 77. Ng3 Nh3 78. e5 Nf2 79. e6 fxe6 80. f7 h1=Q 81. Kb2 Qd1
82. Ne4 Nxe4 0-1

[Event "Druzynowe Mistrzostwa Polski II Liga"]
[Site "Szklarska Poreba"]
[Date "1899-12-30"]
[Round "4.60"]
[White "Korosciel, Aneta"]
[Black "Bukowska, Katarzyna"]
[Result "1/2-1/2"]
[WhiteTitle "m"]
[BlackTitle "k++"]
[WhiteElo "2017"]
[BlackElo "1912"]

1. e4 e5 2. Nf3 Nc6 3. Bb5 a6 4. Bxc6 dxc6 5. d4 exd4 6. Qxd4 Qxd4 7. Nxd4 Bd7
8. Be3 O-O-O 9. Nc3 Ne7 10. O-O-O Ng6 11. Nb3 Bd6 12. Nc5 Bxc5 13. Bxc5 b6 14.
Be3 Ne5 15. Bd4 f6 16. Bxe5 fxe5 17. Rd3 Rdf8 18. Nd1 g5 19. Kd2 Rf4 20. Re3 Be6
21. a3 Rd8+ 22. Kc3 Rdf8 23. h3 h5 24. Rhe1 Kb7 25. b4 Ra8 26. Rg3 g4 27. hxg4
hxg4 28. Nb2 a5 29. Re2 axb4+ 30. axb4 Rxf2 31. Rxf2 Ra3+ 32. Kd2 Rxg3 33. Nd3
Ka6 34. c3 Kb5 35. Nxe5 c5 36. bxc5 Kxc5 37. Nd3+ Kc4 38. Ne5+ Kc5 39. Ng6 Kd6
40. Nf4 Bc4 41. Ng6 Ke6 42. Nf4+ Ke5 43. Nh5 Rd3+ 44. Kc2 Re3 45. Rf5+ Kd6 46.
Rf6+ Ke7 47. Rc6 Rxe4 48. Rxc7+ Kd6 49. Rc8 b5 50. Rd8+ Ke7 51. Re8+ Kxe8 52.
Nf6+ Ke7 53. Nxe4 Ke6 54. g3 Ke5 55. Nf2 Be6 56. Kd2 Kd5 57. Ke3 Kc4 58. Kd2 Kd5
59. Ke3 1/2-1/2

[Event "Druzynowe Mistrzostwa Polski II Liga"]
[Site "Szklarska Poreba"]
[Date "1899-12-30"]
[Round "4.61"]
[White "Krzywda, Andrzej"]
[Black "Ustianovich, Nazar"]
[Result "1/2-1/2"]
[WhiteTitle "k"]
[BlackTitle "FM"]
[WhiteElo "2186"]
[BlackElo "2382"]

1. e4 d6 2. d4 Nf6 3. Nc3 g6 4. Be3 c6 5. a4 Bg7 6. h3 O-O 7. g4 Qa5 8. Bg2 e5
9. Nge2 d5 10. exd5 Nxd5 11. Bd2 Nxc3 12. Bxc3 Qc7 13. dxe5 Bxe5 14. O-O Be6 15.
Re1 Nd7 16. Nd4 Rfe8 17. Qc1 Bf4 18. Bd2 Be5 19. Bc3 Bf4 20. Bd2 Be5 21. Bc3 Bf4
1/2-1/2

[Event "Druzynowe Mistrzostwa Polski II Liga"]
[Site "Szklarska Poreba"]
[Date "1899-12-30"]
[Round "4.62"]
[White "Smolka, Marcin"]
[Black "Zgadzaj, Rafal"]
[Result "1-0"]
[WhiteTitle "k"]
[BlackTitle "k"]
[WhiteElo "2153"]
[BlackElo "2099"]

1. e4 c5 2. Nf3 Nc6 3. d4 cxd4 4. Nxd4 d6 5. c4 Nf6 6. Nc3 g6 7. Be2 Bg7 8. Be3
O-O 9. O-O Bd7 10. f3 Ne8 11. Qd2 f5 12. Nxc6 Bxc6 13. exf5 gxf5 14. Rad1 b6 15.
Bg5 Qd7 16. Nd5 Rf7 17. Rfe1 e6 18. Nb4 Bb7 19. Bf1 Bf6 20. Bh6 Rd8 21. Nd3 e5
22. Qf2 Qc8 23. Nb4 Nc7 24. g3 Be7 25. Nd5 Nxd5 26. cxd5 Qc5 27. Qxc5 bxc5 28.
Bc4 Bf6 29. Bd2 Rc8 30. Bc3 Re8 31. Re2 Kg7 32. Kg2 Rfe7 33. Bb5 Rc8 34. Bd3 Bxd5
35. Ba6 Rc6 36. Bb5 Rb6 37. Rxd5 Rxb5 38. Rxd6 Rb6 39. Rd5 Rbe6 40. Rxc5 e4 41.
fxe4 Bxc3 42. Rxc3 fxe4 43. Kf2 Kf6 44. Ke3 Ke5 45. Rc5+ Kd6 46. Rec2 Re5 47.
Rc6+ Kd7 48. Rc7+ Kd6 49. R2c6+ Kd5 50. Rc5+ Kd6 51. R7c6+ Kd7 52. Rxe5 Rxe5 53.
Ra6 h5 54. Rxa7+ Ke6 55. b4 h4 56. Ra5 Kd5 57. Kxe4+ 1-0

[Event "Druzynowe Mistrzostwa Polski II Liga"]
[Site "Szklarska Poreba"]
[Date "1899-12-30"]
[Round "4.63"]
[White "Sztwiertnia, Jan Krzysztof"]
[Black "Musial, Tomasz"]
[Result "1/2-1/2"]
[WhiteTitle "k"]
[BlackTitle "I++"]
[WhiteElo "2105"]
[BlackElo "1985"]

1. e4 e6 2. b3 d5 3. Bb2 dxe4 4. Nc3 Nf6 5. Qe2 Be7 6. O-O-O O-O 7. Nxe4 a5 8.
a3 Bd7 9. Nf3 Nxe4 10. Qxe4 Bf6 11. Ne5 Nc6 12. Nxd7 Bxb2+ 13. Kxb2 Qxd7 14. d4
Qd5 15. Bd3 g6 16. Qxd5 exd5 17. c3 Ne7 18. h4 Nc8 19. Rhe1 Nd6 20. Re5 c6 21.
c4 dxc4 22. bxc4 Rfe8 23. Kc3 b5 24. Rde1 Rxe5 25. Rxe5 bxc4 26. Bxc4 Nxc4 27.
Kxc4 Rb8 28. Rxa5 Rb2 29. Kc5 Rxf2 30. Kxc6 Rxg2 31. d5 Rc2+ 32. Rc5 Ra2 33. d6
Rxa3 34. d7 Ra8 35. Kd5 Kg7 36. Rc8 Ra5+ 37. Kd6 Ra6+ 38. Rc6 Ra8 39. Ke7 f5 40.
d8=Q Rxd8 41. Kxd8 Kh6 42. Ke7 Kh5 43. Rc4 g5 44. hxg5 Kxg5 45. Ke6 h5 46. Ke5
h4 47. Rc8 Kg4 48. Rg8+ Kf3 49. Rh8 Kg3 50. Kxf5 h3 51. Rg8+ Kf3 52. Rh8 Kg2 53.
Kg4 h2 54. Ra8 h1=Q 55. Ra2+ Kg1 56. Ra1+ Kh2 57. Ra2+ Qg2+ 58. Rxg2+ Kxg2 1/2-1/2

[Event "Druzynowe Mistrzostwa Polski II Liga"]
[Site "Szklarska Poreba"]
[Date "1899-12-30"]
[Round "4.64"]
[White "Kmak, Wieslaw"]
[Black "Malecki, Rafal"]
[Result "1/2-1/2"]
[WhiteTitle "I"]
[BlackTitle "k+"]
[WhiteElo "1867"]
[BlackElo "2006"]

1. e4 d6 2. f4 g6 3. Nf3 Bg7 4. Nc3 Nf6 5. g3 O-O 6. Bg2 c6 7. d3 d5 8. e5 Ne8
9. O-O f6 10. d4 Bg4 11. h3 Bxf3 12. Bxf3 Qb6 13. Na4 Qc7 14. Nc5 Qc8 15. Bg4
f5 16. Bf3 a5 17. Qe2 e6 18. Bd2 b6 19. Na4 Nd7 20. c4 Nc7 21. Rac1 b5 22. cxb5
Nxb5 23. Qd3 Qb7 24. Nc5 Nxc5 25. Rxc5 a4 26. Rfc1 Rfc8 27. Be2 Bf8 28. R5c2 Qb6
29. Be3 Ra5 30. Qd2 Na7 31. a3 1/2-1/2

[Event "Druzynowe Mistrzostwa Polski II Liga"]
[Site "Szklarska Poreba"]
[Date "1899-12-30"]
[Round "4.65"]
[White "Szajda, Marcin"]
[Black "Mucha, Marta"]
[Result "1-0"]
[WhiteTitle "I++"]
[BlackTitle "I"]
[WhiteElo "2016"]
[BlackElo "1377"]

1. e4 d5 2. exd5 Qxd5 3. Nc3 Qd6 4. d4 Nf6 5. Bc4 c6 6. Nge2 Bf5 7. Bf4 Qd8 8.
O-O e6 9. Bd3 Bxd3 10. Qxd3 Be7 11. Ng3 Nbd7 12. Nge4 O-O 13. h3 Nxe4 14. Nxe4
Nf6 15. Rfe1 Qb6 16. Be5 Nxe4 17. Qxe4 Qd8 18. c3 Bd6 19. Qg4 Bxe5 20. Rxe5 Qf6
21. f4 g6 22. Rf1 Kh8 23. Qd1 Rad8 24. Qb3 Rd7 25. Qa3 Ra8 26. b4 b6 27. Qa6 Kg7
28. a4 Qd8 29. a5 Rb8 30. axb6 axb6 31. Ra1 Qc7 32. g3 Rb7 33. Qc4 Rd5 34. Ra8
Qd7 35. Qe2 Rc7 36. Ra6 b5 37. Kf2 Qc8 38. Ra1 Qb7 39. Qa2 Qc8 40. Qa8 Qd7 41.
Qb8 Rb7 42. Qa8 Rc7 43. Qa5 Rb7 44. Re2 Qc8 45. Qa3 Qc7 46. Qc1 Qd7 47. Rea2 Qe7
48. Qe3 Qd7 49. Ra8 Qc7 50. Qe2 Rb8 51. R1a7 Rb7 52. Qa2 Rd7 53. Rxb7 Qxb7 54.
Qa6 Qxa6 55. Rxa6 Rc7 56. Ke3 Kf6 57. Kd3 Ke7 58. g4 f5 59. g5 Kd6 60. Ra8 Rd7
61. h4 Kd5 62. Ra1 Kd6 63. h5 Kd5 64. hxg6 hxg6 65. Rh1 Kd6 66. Rh6 Rg7 67. Rh8
Kd7 68. c4 bxc4+ 69. Kxc4 Kc7 70. Kc5 Kd7 71. Ra8 Re7 72. Ra7+ Kd8 73. Rxe7 Kxe7
74. Kxc6 1-0

[Event "Druzynowe Mistrzostwa Polski II Liga"]
[Site "Szklarska Poreba"]
[Date "1899-12-30"]
[Round "4.66"]
[White "Pyzio, Amelia"]
[Black "Chmiel, Dominika"]
[Result "0-1"]
[WhiteTitle "I+"]
[BlackTitle "m"]
[WhiteElo "1620"]
[BlackElo "2123"]

1. e4 e5 2. Nf3 Nc6 3. Bc4 Nf6 4. d3 Bc5 5. O-O d6 6. c3 O-O 7. Nbd2 Bb6 8. Bb3
Ne7 9. Re1 Ng6 10. Nf1 Nf4 11. d4 Qe7 12. Ng3 g6 13. h3 Kg7 14. Be3 Ng8 15. Qd2
Qf6 16. Nh2 h5 17. Kh1 c5 18. d5 Bd8 19. Bd1 h4 20. Ne2 g5 21. Ng1 Qg6 22. Bf3
Nh6 23. Qd1 f5 24. exf5 Bxf5 25. Ng4 Nd3 26. Nxh6 Qxh6 27. Rf1 Rf7 28. Qd2 Qg6
29. Qe2 Rf8 30. b3 Bf6 31. Bd2 Rad8 32. Bh5 Qh7 33. Bg4 Rde8 34. Bxf5 Qxf5 35.
Nf3 e4 36. Nh2 Qxd5 37. Qh5 Rh8 38. Qg4 Ne5 39. Qe2 Qd3 40. Qe1 d5 41. Rd1 Qa6
42. Be3 Nd3 43. Qd2 Kg6 44. Ng4 d4 45. cxd4 cxd4 46. Qc2 dxe3 47. fxe3 Rhf8 48.
Qc7 Rf7 49. Rxf6+ Rxf6 50. Nxf6 Qxf6 51. Rb1 Re7 52. Qc4 Qc6 53. Qd4 b6 54. Qh8
Qf6 55. Qg8+ Kh6 56. Qa8 Rc7 57. Qd5 Rc1+ 58. Rxc1 Nxc1 59. Qd1 Nd3 60. Kh2 Qe5+
61. Kg1 Qg3 62. Qe2 Qe1+ 63. Qxe1 Nxe1 0-1

[Event "Druzynowe Mistrzostwa Polski II Liga"]
[Site "Szklarska Poreba"]
[Date "1899-12-30"]
[Round "4.67"]
[White "Karwowski, Kacper"]
[Black "Nowicki, Bartosz"]
[Result "1/2-1/2"]
[WhiteTitle "k"]
[BlackTitle "k++"]
[WhiteElo "2238"]
[BlackElo "2261"]

1. e4 c5 2. c3 d6 3. d4 Nf6 4. Bd3 g6 5. Nf3 Bg7 6. O-O O-O 7. h3 Qc7 8. Na3 a6
9. Re1 b5 10. e5 Ne8 11. exd6 exd6 12. Be4 Bb7 13. Bxb7 Qxb7 14. dxc5 dxc5 15.
Bg5 Nc6 16. Be3 b4 17. Nc4 Qb5 18. Qe2 Nf6 19. a4 Qb8 20. Bxc5 Re8 21. Qc2 bxc3
22. bxc3 Qf4 23. Rxe8+ Rxe8 24. Qd3 Rd8 25. Bd6 Ne4 26. Bxf4 Rxd3 27. Re1 f5 28.
Ng5 Bxc3 29. Rc1 Nxg5 30. Bxg5 Nd4 31. Rb1 Ne6 32. Rb8+ Kg7 33. Rb7+ Kg8 34. Rb8+
Kg7 35. Rb7+ Kg8 36. Rb8+ 1/2-1/2

[Event "Druzynowe Mistrzostwa Polski II Liga"]
[Site "Szklarska Poreba"]
[Date "1899-12-30"]
[Round "4.68"]
[White "Parol, Pawel"]
[Black "Sapis, Witalis"]
[Result "1-0"]
[WhiteTitle "k"]
[BlackTitle "IM"]
[WhiteElo "2086"]
[BlackElo "2388"]

1. d4 Nf6 2. c4 c6 3. Nf3 d6 4. Nc3 Bg4 5. e4 Nbd7 6. Be2 e5 7. Be3 Be7 8. O-O
O-O 9. d5 c5 10. Ne1 Bxe2 11. Qxe2 Ne8 12. g3 Bg5 13. f4 exf4 14. gxf4 Bf6 15.
Nd3 Qe7 16. Bd2 Bd4+ 17. Kh1 Nef6 18. Rae1 Rae8 19. Qg2 g6 20. e5 Nh5 21. Nb5
dxe5 22. Nxd4 cxd4 23. fxe5 Qd8 24. Bb4 b5 25. cxb5 Nb6 26. e6 fxe6 27. Bxf8 Rxf8
28. Rxf8+ Qxf8 29. dxe6 Qe7 30. Qe4 Nf6 31. Qxd4 Nbd5 32. Qc5 Qb7 33. Qc6 Qe7
34. Re5 Nb6 35. Qf3 Kg7 36. b3 Nc8 37. Nc5 Qd6 38. Nd7 Nxd7 39. Qf7+ Kh6 40. Qf4+
Kg7 41. Qf7+ Kh6 42. exd7 Qd1+ 43. Kg2 Qg4+ 44. Kf1 Qd1+ 45. Re1 Qd3+ 46. Re2
Qd1+ 47. Kf2 Qd4+ 48. Kg2 Qg4+ 49. Kh1 Qxe2 50. dxc8=Q Qe1+ 51. Kg2 Qd2+ 52. Qf2
Qd5+ 53. Kg3 Qd3+ 54. Qf3 Qd6+ 55. Qf4+ 1-0

[Event "Druzynowe Mistrzostwa Polski II Liga"]
[Site "Szklarska Poreba"]
[Date "1899-12-30"]
[Round "4.69"]
[White "Rudnicki, Milosz"]
[Black "Suliborski, Jakub"]
[Result "0-1"]
[WhiteTitle "k"]
[BlackTitle "I++"]
[WhiteElo "2164"]
[BlackElo "2090"]

1. e4 c5 2. Nf3 d6 3. d4 cxd4 4. Nxd4 e5 5. Bb5+ Bd7 6. Bxd7+ Qxd7 7. Ne2 Nf6 8.
Nbc3 Qc6 9. f3 Be7 10. Bg5 Nbd7 11. Qd2 h6 12. Bxf6 Nxf6 13. h4 b5 14. O-O-O Rc8
15. Kb1 b4 16. Nd5 Nxd5 17. exd5 Qb6 18. Qd3 h5 19. Rh3 g6 20. f4 exf4 21. Qe4
Kd7 22. Nxf4 Rce8 23. Nd3 Bf6 24. Qxb4 Qxb4 25. Nxb4 Re4 26. Rf3 Bxh4 27. Rxf7+
Ke8 28. Rb7 Rf8 29. Rb8+ Kf7 30. Rf1+ Bf6 31. Rxf6+ Kg7 32. Rb7+ Kxf6 33. Nd3
Rf7 34. Rb3 Kg5 35. a4 Rf1+ 36. Ka2 Rxa4+ 37. Ra3 Rxa3+ 38. Kxa3 Rg1 39. c4 Rxg2
40. Kb4 Rd2 41. Kc3 Rxd3+ 42. Kxd3 h4 43. Ke4 Kf6 44. Kf4 g5+ 45. Kg4 a5 46. b3
Ke5 47. Kh3 Kf5 48. Kg2 g4 49. Kf2 Ke5 50. Kg2 Kd4 51. Kf2 a4 52. c5 Kxc5 0-1

[Event "Druzynowe Mistrzostwa Polski II Liga"]
[Site "Szklarska Poreba"]
[Date "1899-12-30"]
[Round "4.70"]
[White "Rykala, Monika"]
[Black "Gosciniak, Bartlomiej"]
[Result "1-0"]
[WhiteTitle "I++"]
[BlackTitle "I"]
[WhiteElo "1863"]
[BlackElo "1905"]

1. d4 d5 2. e3 Nf6 3. Bd3 Bg4 4. Ne2 Nbd7 5. O-O e5 6. dxe5 Nxe5 7. f3 Bh5 8. Nf4
Nxd3 9. Qxd3 Qd7 10. Nxh5 Nxh5 11. e4 Bc5+ 12. Kh1 d4 13. c3 O-O-O 14. b4 Be7
15. e5 g6 16. a3 dxc3 17. Qxd7+ Rxd7 18. Nxc3 Ng7 19. Re1 Rhd8 20. Be3 Nf5 21.
Bf2 Rd3 22. Ne4 b6 23. Rec1 Ng7 24. Bg3 Ne6 25. h3 Rb3 26. Rc4 Kb7 27. Be1 Rd5
28. Rac1 Rxa3 29. Kh2 h5 30. Nc3 Rd7 31. Ne4 Rb3 32. Kg1 Rd4 33. Kf1 Bxb4 34.
Rxd4 Nxd4 35. Bxb4 Rxb4 36. Ng5 Ne6 37. Nxf7 Rf4 38. Nh8 Nf8 39. Re1 Ne6 40. Nxg6
Rf7 41. Kf2 c5 42. Ke3 Kc6 43. f4 a5 44. g4 a4 45. f5 Nc7 46. e6 Rh7 47. Kf4 hxg4
48. hxg4 a3 49. Ra1 Nd5+ 50. Kg5 Ra7 51. f6 Nxf6 52. Kxf6 b5 53. Ne5+ Kd5 54.
Rd1+ Ke4 55. Re1+ Kd4 56. Nc6+ 1-0

[Event "Druzynowe Mistrzostwa Polski II Liga"]
[Site "Szklarska Poreba"]
[Date "1899-12-30"]
[Round "4.71"]
[White "Gosciniak, Tomasz"]
[Black "Zychowicz, Marcin"]
[Result "1-0"]
[WhiteTitle "I"]
[BlackTitle "II+"]
[WhiteElo "1924"]
[BlackElo "1857"]

1. d4 Nf6 2. Nf3 g6 3. g3 Bg7 4. Bg2 d5 5. O-O O-O 6. c4 c6 7. Nc3 Nbd7 8. cxd5
cxd5 9. Re1 a6 10. Qb3 e6 11. Bf4 Nb6 12. Rac1 Bd7 13. Ne5 Bc6 14. Nxc6 bxc6 15.
Na4 Nc4 16. Qb7 Nh5 17. Bc7 Qc8 18. Qxc6 Ra7 19. Rxc4 dxc4 20. Bb6 Rd7 21. e3
Nf6 22. Rc1 Nd5 23. Rxc4 Qxc6 24. Rxc6 Rb8 25. Ba5 Ra7 26. Bxd5 exd5 27. Nb6 Rab7
28. b3 Rd8 29. Kf1 Bf8 30. Ke2 Rd6 31. Rxd6 Bxd6 32. Nxd5 f5 33. Nc3 Kf7 34. f3
h5 35. e4 fxe4 36. fxe4 h4 37. e5 hxg3 38. hxg3 Bb8 39. Kd3 Ke8 40. Ke4 Rh7 41.
Kd5 Rh2 42. Ke6 Rg2 43. d5 Rxg3 44. d6 Bxd6 45. exd6 Re3+ 46. Kd5 Kd7 47. Ne4
Rd3+ 48. Kc5 Ke6 49. Kc6 Ke5 50. d7 Kxe4 51. d8=Q Rxd8 52. Bxd8 1-0

[Event "Druzynowe Mistrzostwa Polski II Liga"]
[Site "Szklarska Poreba"]
[Date "1899-12-30"]
[Round "4.72"]
[White "Parol, Pola"]
[Black "Gosciniak, Maria"]
[Result "0-1"]
[WhiteTitle "k+"]
[BlackTitle "WFM"]
[WhiteElo "1968"]
[BlackElo "2070"]

1. e4 g6 2. d4 Bg7 3. Nc3 c6 4. Nf3 d6 5. Be2 Nf6 6. O-O O-O 7. h3 b5 8. e5 Ne8
9. a3 a6 10. Bf4 Nd7 11. Qd2 Qc7 12. exd6 Nxd6 13. Ne5 Bb7 14. Rad1 Rad8 15. Qc1
Qb6 16. Bd3 c5 17. Nxd7 Rxd7 18. dxc5 Qxc5 19. Ne2 e5 20. Be3 Qc6 21. f3 e4 22.
Bxe4 Nxe4 23. Rxd7 Qxd7 24. fxe4 Bxe4 25. Nf4 Qc6 26. Rf2 Be5 27. c3 Rd8 28. Rd2
Re8 29. Rf2 a5 30. Qd2 Rc8 31. Qe1 f5 32. Rd2 Rb8 33. Qf2 Qc7 34. Ne6 Qc4 35.
Ng5 Bd5 36. Bd4 Re8 37. Bxe5 Rxe5 38. Qa7 Re1+ 39. Kf2 Rf1+ 40. Ke3 Qf4+ 41. Kd3
Qxg5 42. Qb8+ Kf7 43. Qc7+ Qe7 44. Qxe7+ Kxe7 45. Ke2 Bc4+ 0-1

[Event "Druzynowe Mistrzostwa Polski II Liga"]
[Site "Szklarska Poreba"]
[Date "1899-12-30"]
[Round "4.73"]
[White "Dzierzak, Radoslaw"]
[Black "Brzezinski, Mateusz"]
[Result "1/2-1/2"]
[WhiteTitle "I++"]
[BlackTitle "k"]
[WhiteElo "2251"]
[BlackElo "2119"]

1. e4 c5 2. Nf3 Nc6 3. Nc3 Nf6 4. Bb5 Qc7 5. O-O e6 6. Re1 Be7 7. e5 Ng4 8. Bxc6
bxc6 9. h3 Nh6 10. d4 cxd4 11. Nxd4 c5 12. Ndb5 Qc6 13. Bxh6 gxh6 14. Nd6+ Bxd6
15. Qxd6 Qxd6 16. exd6 Rb8 17. b3 Bb7 18. Ne4 Bxe4 19. Rxe4 Rb6 20. Rd1 O-O 21.
Rg4+ Kh8 22. Rc4 Rc8 23. Rd3 Ra6 24. a4 f5 25. Kf1 Kg7 26. Rdc3 Rac6 27. b4 cxb4
28. Rxc6 dxc6 29. d7 Rd8 30. Rxc6 Rxd7 31. Rxe6 Rc7 32. Ra6 Rxc2 33. Rxa7+ Kg6
34. Rb7 Rb2 35. g3 b3 36. Kg2 Ra2 37. Rxb3 Rxa4 38. Rb6+ Kg7 39. Kf3 h5 40. Rd6
h4 41. g4 Ra3+ 42. Kf4 Rxh3 43. Rd7+ Kg8 44. gxf5 Ra3 45. f3 h3 46. Rd2 Ra4+ 47.
Kg3 Ra5 48. Kg4 Kg7 49. Rh2 Ra4+ 50. Kg3 Ra5 51. Kg4 Ra4+ 52. f4 Ra3 53. Rb2 Kf6
54. Rb6+ Kg7 55. f6+ Kg6 56. f7+ Kxf7 57. Rh6 Kg7 58. Rxh3 Rxh3 59. Kxh3 Kf6 60.
Kg4 Ke5 1/2-1/2

[Event "Druzynowe Mistrzostwa Polski II Liga"]
[Site "Szklarska Poreba"]
[Date "1899-12-30"]
[Round "4.74"]
[White "Kujawski, Adam"]
[Black "Walter, Szymon"]
[Result "1/2-1/2"]
[WhiteTitle "k"]
[BlackTitle "k"]
[WhiteElo "2245"]
[BlackElo "2263"]

1. e4 c5 2. c3 g6 3. d4 cxd4 4. cxd4 d5 5. e5 Bg7 6. h3 f6 7. f4 Nh6 8. g4 O-O
9. Nc3 Nc6 10. Bg2 fxe5 11. fxe5 e6 12. Nf3 b5 13. O-O Qb6 14. Be3 a5 15. Qd2
Nf7 16. b3 a4 17. b4 a3 18. Rab1 Bd7 19. Ne2 Rfc8 20. Nc1 Bf8 21. Nd3 Be7 22.
Rfc1 Na7 23. Nc5 Bxc5 24. Rxc5 Rc7 25. Ng5 Rf8 26. Rf1 Rxc5 27. bxc5 Qb8 28. Nxf7
Rxf7 29. Rxf7 Kxf7 30. Qf2+ Kg8 31. Bh6 Qd8 32. Bf1 1/2-1/2

[Event "Druzynowe Mistrzostwa Polski II Liga"]
[Site "Szklarska Poreba"]
[Date "1899-12-30"]
[Round "4.75"]
[White "Faron, Rafal"]
[Black "Gralka, Przemyslaw"]
[Result "1-0"]
[WhiteTitle "k"]
[BlackTitle "k"]
[WhiteElo "2115"]
[BlackElo "2221"]

1. c4 e5 2. g3 Nf6 3. Bg2 d5 4. cxd5 Nxd5 5. Nc3 Nb6 6. d3 Be7 7. Nf3 Nc6 8. a3
O-O 9. O-O Be6 10. Be3 f5 11. Rc1 Bf6 12. Nd2 Rb8 13. Nb3 Nd5 14. Nc5 Nxc3 15.
Rxc3 Bf7 16. Nxb7 Rxb7 17. Rxc6 Bd5 18. Bxd5+ Qxd5 19. Rc5 Qa2 20. Bc1 Rd8 21.
Qc2 Rd7 22. b4 Qxc2 23. Rxc2 Kf7 24. Be3 Be7 25. Rfc1 Bd6 26. f3 Rd8 27. Rc6 a5
28. bxa5 Ra8 29. a6 Rb3 30. Bc5 Ke6 31. a7 Kd5 32. Bxd6 cxd6 33. Ra6 Rb7 34. Rcc6
Rd7 35. Kf2 g6 36. a4 Ke6 37. a5 Ke7 38. Rc8 Raxa7 39. Ra8 Rxa6 40. Rxa6 Rb7 41.
Ra8 Kd7 42. a6 Rc7 43. f4 exf4 44. gxf4 Kc6 45. e4 fxe4 46. dxe4 Kb6 47. Rd8 Kc6
48. Ke3 Ra7 49. e5 dxe5 50. fxe5 Rf7 51. Rd6+ Kc7 52. a7 Kb7 53. e6 Rf1 54. Rd7+
Ka8 55. e7 1-0